000 01414cam a22003135a 4500
001 L152651
008 050124n2010 000 0 eng u
020 _a9781444327878
035 _a(Sirsi) u152651
041 _aeng
050 _a333.72
_c18
100 _aBrandon, Peter S.
245 _aEvaluating sustainable development in the built environment
_h[electronic resource]
250 _a2nd ed.
260 _aOxford
_bWiley-Blackwell
_c2010
300 _aeBook
350 _a31.45
520 _aThe second edition, has been completely updated to reflect the significant advances and new insights that have been made since publication of the first edition, focuses on two main issues: 1, Facilitating a dialogue between all stakeholders so that the complexity of the problem can be exposed, structured and communicated; 2, Understanding how to assess progress in sustainable development It continues to provide coherent guidance on the techniques that can be used to assess sustainable development in a rigorous manner.
590 _aka
650 _aSUSTAINABLE DEVELOPMENT
650 _aBUILT ENVIRONMENT
650 _aECONOMIC DEVELOPMENT
650 2 4 _aEBOOK
651 4 _aENGLAND AND WALES
690 _aDEVELOPMENT-SUSTAINABLE
700 _aLombardi, Patrizia
856 4 0 _uhttps://www.vlebooks.com/
_zView on VLEbooks. Logins for members only from [email protected]
942 _n0
999 _c112145
_d112145